000 00567nam a2200181Ia 4500
003 GCL
005 20240530105140.0
008 140319s9999 xx 000 0 ara d
040 _aGCL /
_cGCL
082 0 4 _a353.3
_bج د
100 0 _aجمال الدين سالم حجازى
245 1 2 _aالداخلية والناس /
_cجمال الدين سالم حجازى
260 _a[S.N] :
_bدائرة الاعلام ،
_c1988
300 _a189 ص
650 0 4 _aوزارة الداخلية
650 0 4 _aعلاقة الدولة بالافراد
942 _2ddc
_cBK
999 _c53554
_d53554